000 00825nam a22002177a 4500
005 20250614145601.0
008 250614b |||||||| |||| 00| 0 eng d
020 _a978-81-970391-8-2 (hbk)
037 _cTB
040 _aCRL
_cCRL
041 _2pun
_apun
084 _aJ 153R4
_qCRL
100 _aਸੰਧੂ, ਪਰਮਜੀਤ ਸਿੰਘ
_9812888
245 _aਅਨੰਦਾਤਾ ਦੇ ਭਾਗੀਂ -2
260 _aਅੰਮ੍ਰਿਤਸਰ, ਭਾਰਤ:
_bਅਜ਼ਾਦ ਬੁੱਕ ਡਿਪੋ ,
_c2024.
300 _a212 ਪ.
365 _b495.00
_cINR
650 _2ਐਗ੍ਰਿਕਲਚਰ
942 _2CC
_cTB
_hJ 153R4
_n0
999 _c1431743
_d1431743